El registro, los incentivos fiscales y la inversión mínima de la ley de Turismo ,inciden en los operadores de Turismo del Municipio de Suchitoto, Departemento de Cuscatlan periodo del 1 de Enero al 31 de Julio de 2008. (Registro nro. 10212)

Detalles MARC
000 -LEADER
fixed length control field 00851nam a2200205Ia 4500
005 - FECHA Y HORA DE LA ÚLTIMA TRANSACCIÓN
control field 20231218084550.0
008 - FIXED-LENGTH DATA ELEMENTS--GENERAL INFORMATION
fixed length control field 231216s9999 xx 000 0 und d
040 ## - CATALOGING SOURCE
Original cataloging agency UPAN
Transcribing agency Biblioteca San Vicente
Description conventions RCAA2
041 ## - LANGUAGE CODE
Language code of text/sound track or separate title spa
082 ## - DEWEY DECIMAL CLASSIFICATION NUMBER
Classification number 338.479 1
Item number Ama
año de publicación 2008
100 ## - MAIN ENTRY--PERSONAL NAME
Personal name Amaya Silva, Ana Alcira
Relator code aut.
245 #0 - TITLE STATEMENT
Title El registro, los incentivos fiscales y la inversión mínima de la ley de Turismo ,inciden en los operadores de Turismo del Municipio de Suchitoto, Departemento de Cuscatlan periodo del 1 de Enero al 31 de Julio de 2008.
260 ## - PUBLICATION, DISTRIBUTION, ETC. (IMPRINT)
Place of publication, distribution, etc San Salvador:
Name of publisher, distributor, etc Universidad Panamericana,
Date of publication, distribution, etc 2008
300 ## - PHYSICAL DESCRIPTION
Extent 85 p.;
Dimensions 28 cm.
650 ## - SUBJECT ADDED ENTRY--TOPICAL TERM
Source of heading or term LEMB
Topical term or geographic name as entry element Turismo
General subdivision Legislación
700 ## - ADDED ENTRY--PERSONAL NAME
Personal name Mendez Guerra, Luz Argelia
Relator code aut.
700 ## - ADDED ENTRY--PERSONAL NAME
Personal name Lopez Hernandez, Manuel de Jesus
Relator code aut.
700 ## - ADDED ENTRY--PERSONAL NAME
Personal name Vigil Vigil, Santos Enrique
Relator code aut.
942 ## - ADDED ENTRY ELEMENTS (KOHA)
Koha item type Libros
Source of classification or shelving scheme Dewey Decimal Classification
Existencias
Withdrawn status Lost status Source of classification or shelving scheme Damaged status Not for loan Collection code Home library Current library Date acquired Total Checkouts Full call number Barcode Date last seen Copy number Price effective from Koha item type
    Dewey Decimal Classification     Tesario Biblioteca UPAN San Vicente Biblioteca UPAN San Vicente 17/12/2023   338.479 1 Ama 12100743 17/12/2023 01 17/12/2023 Trabajos de Grado